00613nam a2200205Ia 450000500170000001000300001702000260004702000320007303500130010503500170011803500130013503700190014803700130016708200120018010000200019224500660021226000350027827000600031330000340037320230317145639.0 aBAC-EN21 ENG-111907 a9780143419488c250.00 a9780143419488c299.00 (AV) aEN-95439 aB-580273-311 aB-667324 bAakar/Venadpl bDBAD/PUB a820.914 aKhushwant Singh aKhushwantnama :cBy Khushwant SinghbThe lessons of my life / c2014aNew DelhibPenguin Books a11 Community Centre, Panchsheel ParkbNew Delhie110017 c18cm(pbk)axiii,188p. :bill.